La plus grande ville côtière par État aux États-Unis - Statistiques

Statistiques générales
  • Ce quiz a été pris 106 fois
  • Le résultat moyen est 5 sur 23
Statistiques - réponses
State Population City % Correct
New York 8,336,817 New York City
88%
Californie 3,979,576 Los Angeles
87%
Massachusetts 692,600 Boston
51%
Washington 753,675 Seattle
40%
Hawaï 345,064 Honolulu
33%
Louisiane 390,144 La Nouvelle-Orléans
25%
Maryland 593,490 Baltimore
24%
Floride 911,507 Jacksonville
24%
Maine 66,215 Portland
24%
Alaska 288,000 Anchorage
21%
Alabama 188,720 Mobile
16%
Caroline du Sud 137,566 Charleston
14%
Géorgie 144,464 Savannah
13%
New Jersey 282,011 Newark
11%
Texas 326,586 Corpus Christi
8%
Rhode Island 179,883 Providence
8%
Caroline du Nord 123,744 Wilmington
8%
Delaware 70,166 Wilmington
8%
Connecticut 144,399 Bridgeport
5%
Mississippi 71,705 Gulfport
4%
New Hampshire 21,927 Portsmouth
2%
Oregon 16,361 Coos Bay
1%
Virginie 449,974 Plage de Virginie
0%
Aucun quiz correspondant
Distribution des résultats
% des personnes avec chaque résultat
Percentile par nombre de réponses
Votre historique - résultats
Vous n’avez pas pris ce quiz